MyGZULibrary

Contemporary issues in curriculum / (Record no. 10077)

MARC details
000 -LEADER
fixed length control field 01215cam a2200325 a 4500
001 - CONTROL NUMBER
control field 16039839
003 - CONTROL NUMBER IDENTIFIER
control field GZU
005 - DATE AND TIME OF LATEST TRANSACTION
control field 20211013114750.0
008 - FIXED-LENGTH DATA ELEMENTS--GENERAL INFORMATION
fixed length control field 100104s2011 maua b 001 0 eng
010 ## - LIBRARY OF CONGRESS CONTROL NUMBER
LC control number 2009053894
020 ## - INTERNATIONAL STANDARD BOOK NUMBER
International Standard Book Number 9780135094471
020 ## - INTERNATIONAL STANDARD BOOK NUMBER
International Standard Book Number 013509447X
035 ## - SYSTEM CONTROL NUMBER
System control number (OCoLC)ocn475457943
040 ## - CATALOGING SOURCE
Original cataloging agency DLC
Transcribing agency DLC
Modifying agency BTCTA
-- YDXCP
-- C#P
-- CDX
-- SINIE
-- DLC
043 ## - GEOGRAPHIC AREA CODE
Geographic area code n-us---
050 00 - LIBRARY OF CONGRESS CALL NUMBER
Classification number LB1570
Item number .CON 2011
245 00 - TITLE STATEMENT
Title Contemporary issues in curriculum /
Statement of responsibility, etc. [edited by} Allan C. Ornstein, Edward F. Pajak, Stacey B. Ornstein.
250 ## - EDITION STATEMENT
Edition statement 5th edition.
260 ## - PUBLICATION, DISTRIBUTION, ETC.
Place of publication, distribution, etc. Boston :
Name of publisher, distributor, etc. Pearson,
Date of publication, distribution, etc. c2011.
300 ## - PHYSICAL DESCRIPTION
Extent x, 398 pages. :
Other physical details ill. ;
Dimensions 24 cm.
504 ## - BIBLIOGRAPHY, ETC. NOTE
Bibliography, etc. note Includes bibliographical references and indexes.
650 #0 - SUBJECT ADDED ENTRY--TOPICAL TERM
Topical term or geographic name entry element Education
General subdivision Curricula
Geographic subdivision United States.
650 #0 - SUBJECT ADDED ENTRY--TOPICAL TERM
Topical term or geographic name entry element Curriculum planning
Geographic subdivision United States.
700 1# - ADDED ENTRY--PERSONAL NAME
Personal name Ornstein, Allan C.
Relator term editor
700 1# - ADDED ENTRY--PERSONAL NAME
Personal name Pajak, Edward,
Dates associated with a name 1947-
Relator term editor
700 1# - ADDED ENTRY--PERSONAL NAME
Personal name Ornstein, Stacey B.
Relator term editor
906 ## - LOCAL DATA ELEMENT F, LDF (RLIN)
a 7
b cbc
c orignew
d 1
e ecip
f 20
g y-gencatlg
942 ## - ADDED ENTRY ELEMENTS (KOHA)
Source of classification or shelving scheme Library of Congress Classification
Koha item type Books
Edition 5th edition
Classification part 1570
Item part CON
Call number prefix LB
Holdings
Withdrawn status Lost status Source of classification or shelving scheme Damaged status Not for loan Collection code Home library Current library Shelving location Date acquired Source of acquisition Total Checkouts Full call number Barcode Date last seen Copy number Price effective from Koha item type
    Library of Congress Classification     Non-fiction City Campus Library City Campus Library General Stacks 10/13/2021 American Embassy - Harare   LB1570 CON 2011 031618 10/13/2021 c. 1 10/13/2021 Books